000 00613nam a2200205Ia 4500
003 OSt
005 20260428145727.0
008 210210b1987 xxu||||| |||| 00| 0 eng d
040 _cAL
041 _aKannada
082 _a796.069K NADK
100 _aNADAGIRA (K G).
_d ನಾಡಗೀರ (ಕೆ ಜಿ)
_9263073
245 _aKridadhikaritva.
_b ಕ್ರೀಡಾಧಿಕಾರತ್ವ.
260 _aDharavada.
_bSharira shikshana prakashana.,
_c1987
300 _aiv,163
650 _aSports Administration
_9263074
690 _aAthletic & Outdoor Sports
_9263075
906 _a044122
942 _2ddc
_cBK
999 _c93805
_d93805